| 000 | 00369 a2200145 4500 | ||
|---|---|---|---|
| 001 | 169366 | ||
| 020 | _a | ||
| 040 | _cMagnum | ||
| 100 | _aGentili, Pablo | ||
| 240 | 1 | 0 |
_aPedagogia da exclusao: critica ao neoliberalismo em educacao _lpor |
| 245 | 1 | 0 | _aPedagogia da exclusao: critica ao neoliberalismo em educacao |
| 362 | 0 | _a1899 | |
| 697 | _aGERAL | ||
| 942 | _cBK | ||
| 999 |
_c169366 _d169366 |
||